000 00590nam a2200205Ia 4500
005 20260429112017.0
008 260429s9999||||xx |||||||||||||| ||und||
020 _a9781032364445
041 _aEnglish
082 _a370.15
_bHAR
100 _aHarkness, Joe
245 0 _aInside/outside :
_ba nature-themed resource book for embedding emotional literacy /
_cJoe Harkness
250 _a1st ed.
260 _aNew Delhi :
_bRoutledge,
_c2024.
300 _ax, 134 p.; pbk
650 _a Child development
650 _a Nature education
650 _aEmotional literacy
942 _cTB
999 _c51878
_d51878